000 00408 a2200169 4500
001 189410
020 _a978-85-249-1247-4
040 _cMagnum
100 _aBellinghausen, Ingrid Biesemeyer
240 1 0 _aO curupira e os animais da floresta
_lpor
245 1 0 _aO curupira e os animais da floresta
300 _a24
362 0 _a2007
440 1 _aCortez
697 _aLITERATURA INFANTO
942 _cBK
999 _c189410
_d189410